000 00960nam a2200181 a 4500
008 120416s1999 ||||||||||||||||| || u
020 _a0748740465
050 _aQA 76.55 Bra
100 _aBradley, Ray
245 1 0 _aNew understanding computer science for advanced level (4th ed.)
250 _a4th ed.
260 _aCheltenham:
_bStanley Thornes
_c1999
350 _a0.00
995 _aSHORT LOAN BOOKS
_D0.00
_e733392
_FCBU-MAIN LIBRARY (Kitwe)
_H1
_I18.00
_jQA 76.55 Bra
_M1
_UAVAILABLE
_y45153
_ZShort Loan Collection
995 _aSHORT LOAN BOOKS
_D0.00
_e7309323
_FCBU-MAIN LIBRARY (Kitwe)
_H2
_I18.00
_jQA 76.55 Bra
_M2
_UAVAILABLE
_y028227
_ZShort Loan Collection
995 _aSHORT LOAN BOOKS
_D0.00
_e733393
_FCBU-MAIN LIBRARY (Kitwe)
_H3
_I18.00
_jQA 76.55 Bra
_M3
_UDAMAGED
_y45252
_ZShort Loan Collection
995 _aSHORT LOAN BOOKS
_D0.00
_e735988
_FCBU-MAIN LIBRARY (Kitwe)
_H1
_I34.95
_jQA 76.55 Bra
_M1
_UAVAILABLE
_WJul 7, 2006
_y38784
_ZMain Library Open Access Collection
999 _c78796
_d78796